[Event "Dhaka Al Mahmud Memorial"]
[Site "Dhaka"]
[Date "2022.02.11"]
[Round "7"]
[White "Dil, Mohammad"]
[Black "Ahmed, Feroz"]
[Result "0-1"]
[WhiteElo "1752"]
[BlackElo "1901"]
[PlyCount "72"]
[EventDate "2022.02.05"]
[EventType "swiss"]
[EventRounds "9"]
[EventCountry "BAN"]
[SourceTitle "CBM 206 Extra"]
[Source "ChessBase"]
[SourceDate "2022.03.31"]
[SourceVersion "1"]
[SourceVersionDate "2022.03.31"]
[SourceQuality "1"]

1. e4 c5 2. c4 Nc6 3. Nc3 e6 4. g3 g6 5. Bg2 Bg7 6. Nge2 Nge7 7. 0-0 a6 8. Rb1 Rb8 9. a4 0-0 10. d3 d6 11. Be3 Nd4 12. b4 cxb4 13. Nxd4 bxc3 14. Ne2 d5 15. exd5 exd5 16. Bb6 Qd7 17. d4 dxc4 18. Nxc3 Nc6 19. Nd5 Qg4 20. Bf3 Qf5 21. Ne3 Qf6 22. d5 Ne5 23. Bg2 c3 24. f4 Nd7 25. Bc7 Ra8 26. a5 Qd4 27. Qf3 Qc5 28. d6 Bd4 29. Rfe1 Re8 30. Kf2 c2 31. Rbc1 Nf6 32. h3 Bf5 33. g4 Ne4+ 34. Kg1 Nd2 35. Qxb7 Bxe3+ 36. Kh1 Ne4 0-1

[Event "Dhaka Al Mahmud Memorial"]
[Site "Dhaka"]
[Date "2022.02.10"]
[Round "6"]
[White "Shawket Bin, Osman Shaon"]
[Black "Dil, Mohammad"]
[Result "1-0"]
[WhiteElo "2065"]
[BlackElo "1752"]
[PlyCount "51"]
[EventDate "2022.02.05"]
[EventType "swiss"]
[EventRounds "9"]
[EventCountry "BAN"]
[SourceTitle "CBM 206 Extra"]
[Source "ChessBase"]
[SourceDate "2022.03.31"]
[SourceVersion "1"]
[SourceVersionDate "2022.03.31"]
[SourceQuality "1"]

1. d4 Nf6 2. c4 g6 3. Nc3 Bg7 4. e4 d6 5. f3 0-0 6. Be3 Nbd7 7. Qd2 Re8 8. 0-0-0 c6 9. e5 Qa5 10. exf6 Nxf6 11. Bd3 Bd7 12. Kb1 b5 13. Ne4 Qa6 14. cxb5 cxb5 15. Nxf6+ exf6 16. Ne2 Be6 17. Nc3 Rac8 18. d5 Bd7 19. Bd4 Qb7 20. Ne4 Re5 21. Nxd6 Qxd5 22. Bxe5 Be6 23. Bc4 Qxe5 24. Bxe6 Rd8 25. Bxf7+ Kh8 26. Rhe1 1-0